| 000 | 00627nam a2200181Ia 4500 | ||
|---|---|---|---|
| 001 | 10041 | ||
| 003 | GE_BSU | ||
| 008 | 181216s||||||||xx |||||||||||||| ||und|| | ||
| 040 | _cGE_BSU | ||
| 245 | _aმოამბე. აკაკი წერეთლის სახელმწიფო უნივერსიტეტის №2. 2013 | ||
| 245 | _bBulletin of TSERETELI STATE UNIVERSITY | ||
| 245 | _cმთ.რედ. ავთანდილ ნიკოლეიშვილი | ||
| 260 | _aქუთაისი | ||
| 260 | _c2013 | ||
| 300 | _a332გვ.25სმ. | ||
| 653 | _aმოამბე | ||
| 942 | _cCR | ||
| 999 |
_c43314 _d43314 |
||